Administrative Divisions of Hebei - Statistics

General Stats
  • This quiz has been taken 6 times
  • The average score is 10 of 11
Answer Stats
Answer % Correct
Baoding
100%
Chengde
100%
Handan
100%
Hengshui
100%
Qinhuangdao
100%
Shijiazhuang
100%
Tangshan
100%
Xingtai
100%
Zhangjiakou
100%
Langfang
83%
Cangkou
0%
No matching quizzes found
Score Distribution
Percent of People with Each Score
Percentile by Number Answered
Your Score History
You have not taken this quiz